The steel industry of India

שמור ב:
מידע ביבליוגרפי
מחבר ראשי: Johnson, William A.
פורמט: ספר
שפה:Undetermined
יצא לאור: Cambridge Harvard University Press 1966
נושאים:
תגים: הוספת תג
אין תגיות, היה/י הראשונ/ה לתייג את הרשומה!
Thư viện lưu trữ: Trung tâm Học liệu Trường Đại học Cần Thơ
LEADER 00496nam a2200181Ia 4500
001 CTU_79086
008 210402s9999 xx 000 0 und d
082 |a 338.47669 
082 |b J66 
100 |a Johnson, William A. 
245 4 |a The steel industry of India 
245 0 |c William A. Johnson 
260 |a Cambridge 
260 |b Harvard University Press 
260 |c 1966 
650 |a Steel industry and trade 
650 |z India 
980 |a Trung tâm Học liệu Trường Đại học Cần Thơ